La enseñanza de la ortografía en la educación básica

Enregistré dans:
Détails bibliographiques
Auteurs principaux: Baeza Bischoffshausen, Paz Margarita (Auteur), Beuchat Reichardt, Cecilia (Auteur)
Format: Livre
Langue:espagnol
Publié: Santiago Andrés Bello 1983
Édition:1a. ed
Sujets:
Tags: Ajouter un tag
Pas de tags, Soyez le premier à ajouter un tag!

MARC

LEADER 00000nam a2200000 a 4500
001 UCH6101
003 CL-VaPUC
008 091109e19830000CL |||||||||||||||||spa|d
082 0 4 |a 372.63  |b BAE  |2 21 
100 0 |a Baeza Bischoffshausen, Paz Margarita  |e author  |9 542484 
700 0 |a Beuchat Reichardt, Cecilia  |e author  |9 542485 
245 1 3 |a La enseñanza de la ortografía en la educación básica 
250 |a 1a. ed 
300 |a 114 p 
942 |c BK 
945 |d 20091109 00:00:00  |a lazolas 
260 |a Santiago  |b Andrés Bello  |c 1983 
650 7 |a ESPAÑOL ORTOGRAFIA  |2 CL-VaPUC  |9 309139 
650 7 |a ESNEÑANZA  |2 CL-VaPUC  |9 309140 
583 |a last modification  |c 20091109 00:00:00  |k Rodrigo Vera 
999 |c 337061  |d 337059